Housing needs of disabled people (Record no. 118272)

MARC details
000 -LEADER
fixed length control field 01294cam a2200253 4500
001 - CONTROL NUMBER
control field WB@3612-386
008 - FIXED-LENGTH DATA ELEMENTS--GENERAL INFORMATION
fixed length control field 041104n2004 000 0 eng u
035 ## - SYSTEM CONTROL NUMBER
System control number (Sirsi) u127903
245 ## - TITLE STATEMENT
Title Housing needs of disabled people
260 ## - PUBLICATION, DISTRIBUTION, ETC.
Date of publication, distribution, etc. 2004
490 ## - SERIES STATEMENT
Series statement ODPM News Release
Volume/sequential designation (2004/0258) 3 November 2004 (2)
520 ## - SUMMARY, ETC.
Summary, etc. "Delivering housing adaptations for disabled people" has been published jointly by the ODPM, Department of Health and Department of Education and Skills. The guide provides a comprehensive checklist and advice to councils, particularly for housing and social service authorities on how an efficient adaptations service can best be organised, as well as how it can be effectively delivered to meet the needs of the disabled person within a reasonable target time. There is also detailed advice on the operation of the Disabled facilities grant programme. For more information visit the website. http://www.odpm.gov.uk/pns/displaypn.cgi?pn_id=200 4_0258
590 ## - LOCAL NOTE (RLIN)
Local note WB
590 ## - LOCAL NOTE (RLIN)
Local note WB
650 ## - SUBJECT ADDED ENTRY--TOPICAL TERM
Topical term or geographic name entry element DISABLED ACCESS
650 ## - SUBJECT ADDED ENTRY--TOPICAL TERM
Topical term or geographic name entry element HOUSE BUILDING
650 ## - SUBJECT ADDED ENTRY--TOPICAL TERM
Topical term or geographic name entry element DISABLED FACILITIES GRANT
650 ## - SUBJECT ADDED ENTRY--TOPICAL TERM
Topical term or geographic name entry element LOCAL GOVERNMENT
650 ## - SUBJECT ADDED ENTRY--TOPICAL TERM
Topical term or geographic name entry element LOCAL AUTHORITIES
650 ## - SUBJECT ADDED ENTRY--TOPICAL TERM
Topical term or geographic name entry element HOUSING ASSOCIATION
650 ## - SUBJECT ADDED ENTRY--TOPICAL TERM
Topical term or geographic name entry element ACCESSIBLE HOUSING
690 ## - LOCAL SUBJECT ADDED ENTRY--TOPICAL TERM (OCLC, RLIN)
Topical term or geographic name as entry element HOUSING
942 ## - ADDED ENTRY ELEMENTS (KOHA)
Suppress in OPAC 0
Holdings
Withdrawn status Lost status Source of classification or shelving scheme Damaged status Not for loan Home library Current library Shelving location Date acquired Total Checkouts Full call number Barcode Date last seen Copy number Price effective from Koha item type
    Dewey Decimal Classification     London London News article 04/11/2004   WB4042-07 127903-1001 06/08/2019 1 06/08/2019 News article